LEADER 04499nam 22007575 450 001 9910993941003321 005 20251211154538.0 010 $a9783031818318 010 $a3031818318 024 7 $a10.1007/978-3-031-81831-8 035 $a(CKB)38280651500041 035 $a(MiAaPQ)EBC32004721 035 $a(Au-PeEL)EBL32004721 035 $a(DE-He213)978-3-031-81831-8 035 $a(OCoLC)1515688570 035 $a(EXLCZ)9938280651500041 100 $a20250409d2025 u| 0 101 0 $aeng 135 $aur||||||||||| 181 $ctxt$2rdacontent 182 $cc$2rdamedia 183 $acr$2rdacarrier 200 10$aCulturally Responsive Psychotherapy, Counselling & Psychology $ePractices for Inclusion and Accountability /$fedited by Susan Sisko 205 $a1st ed. 2025. 210 1$aCham :$cSpringer Nature Switzerland :$cImprint: Palgrave Macmillan,$d2025. 215 $a1 online resource (285 pages) 225 1 $aPalgrave Texts in Counselling and Psychotherapy,$x2662-9135 311 08$a9783031818301 311 08$a303181830X 327 $a1.Cultural Responsiveness in Psychotherapy, Counselling and Psychology -- 2. Cultural Responsiveness in Education -- 3. Cultural Responsiveness in Research -- 4. Cultural Responsiveness in Supervision -- 5. Cultural Responsiveness in Clinical Practice -- 6. Cultural Responsiveness in School Counselling -- 7. Cultural Responsiveness in Rehabilitation Counselling -- 8.Cultural Responsiveness in Relationship Counselling -- 9.Cultural Responsiveness in Community Counselling -- 10. Final Thoughts. 330 $aThis textbook brings together experienced educators, researchers, counsellors, and psychotherapists who offer insights on how to practice, teach, research, and supervise within a framework of social justice and cultural responsiveness. Readers are encouraged to reflect on their own role in making counselling and psychotherapy more accessible, especially for marginalised communities. The book challenges the language that often stems from a colonial mindset, focusing instead on the counsellor?s critical reflection and the ability to approach issues of equity, justice, and inclusion thoughtfully as core to the work. It explores Eurocentric ideas about colonisation, binary thinking, and "othering" through the diverse perspectives of each chapter's authors. Each chapter tackles an aspect of counselling practice that will be reframed offering a more inclusive and culturally responsive approach. These practices will draw on six core principles: 1) decolonising education in counselling and psychology, 2) intersectionality, 3) cultural humility, 4) self-awareness and critical reflection for therapists, 5) engagement and connection, and 6) activism. This textbook serves as a valuable resource for teachers, students, and practitioners of systemic practice, family therapy, clinical psychology, counselling, and psychotherapy, as well as for professionals in training. Susan Sisko is a Senior Lecturer and researcher in psychotherapy and counselling at the University of Canberra, Australia, where she brings her extensive clinical expertise into the academic setting. 410 0$aPalgrave Texts in Counselling and Psychotherapy,$x2662-9135 606 $aPsychotherapy 606 $aClient-centered psychotherapy 606 $aCounseling 606 $aSocial psychiatry 606 $aPsychotherapy 606 $aPerson-Centered Psychotherapy 606 $aCounseling Psychology 606 $aClinical Social Work 606 $aPsicoterąpia$2thub 606 $aPsicoterąpia centrada en el client$2thub 606 $aAssessorament psicolņgic$2thub 606 $aPsiquiatria social$2thub 608 $aLlibres electrņnics$2thub 615 0$aPsychotherapy. 615 0$aClient-centered psychotherapy. 615 0$aCounseling. 615 0$aSocial psychiatry. 615 14$aPsychotherapy. 615 24$aPerson-Centered Psychotherapy. 615 24$aCounseling Psychology. 615 24$aClinical Social Work. 615 7$aPsicoterąpia 615 7$aPsicoterąpia centrada en el client 615 7$aAssessorament psicolņgic 615 7$aPsiquiatria social 676 $a616.8914 700 $aSisko$b Susan$01812618 801 0$bMiAaPQ 801 1$bMiAaPQ 801 2$bMiAaPQ 906 $aBOOK 912 $a9910993941003321 996 $aCulturally Responsive Psychotherapy, Counselling & Psychology$94375567 997 $aUNINA